000 01256nam a2200385 i 4500
001 35327
003 KOSZ 005
005 20240405063107.0
008 961010s1993 pl |000 0 pol d
040 _cKOSZ 005
_aKOSZ 005
_dKOSZ 005/HR
045 2 _bd1893
_bd1993
046 _k1993
080 _a334.732.2(091)
100 1 _aMendel, Tadeusz
_d(1933-2019)
_eAutor
245 1 0 _aBank spółdzielczy w Śmiglu 1893-1993 /
_cTadeusz Mendel, Kazimierz Zimniewicz.
260 _aŚmigiel,
_c1993.
300 _a153 s.,[15]k. tabl. :
_bfot. ;
_c20 cm.
336 _2rdacontent
_aTekst
_btxt
337 _2rdamedia
_aBez urządzenia pośredniczącego
_bn
338 _2rdacarrier
_aWolumin
_bnc
380 _aKsiążki
388 _a1901-2000
388 _a1989-2000
504 _aBibliogr. s. 110-112.
648 7 _a1801-1900
648 7 _a1901-2000
650 4 _aBanki spółdzielcze
651 7 _aPolska
651 7 _aŚmigiel (woj. wielkopolskie)
658 _aHistoria
658 _aGospodarka, ekonomia, finanse
700 1 _aZimniewicz, Kazimierz
_eAutor
856 _uhttp://koha.tu.koszalin.pl/cgi-bin/koha/opac-detail.pl?biblionumber=35327
_yKatalog online BPK
942 _cKS
_2UKD
999 _c35327
_d35327